00318pab a2200121 454500008004000000100001800040245005400058260000900112300001500121362000800136650001800144773003400162180718b2008 xxu||||| |||| 00| 0 eng d aHa, Eunyounga aGlobalization, veto players, and welfare spending c2008 ap.783-813. aJun aGlobalization aComparative Political Studies